Sons of the Premier League - Statistics

General Stats
  • This quiz has been taken 10 times
  • The average score is 10 of 22
Answer Stats
Hint Answer % Correct
Liverpool’s PL winning captain, now ‘playing’ in Saudi Arabia Jordan Henderson
100%
The Premier League’s best ever Scottish left back? Andy Robertson
89%
Man City’s Brazilian keeper Ederson
89%
Relegated with Leicester last season, he jumped ship to a side playing in Europe this season. James Maddison
78%
One time PLGolden boot (joint) winner Son Heung-min
78%
Burly Everton striker who had spells at Newcastle and Rangers. Duncan Ferguson
67%
A striker who has gone for combined fees of over £100m, currently not scoring goals for Spurs. Richarlison
67%
Liverpool’s Brazilian keeper Alison
56%
Former Man Utd captain and manager of multiple PL sides. Bryan Robson
56%
Icelandic player who left the PL under a cloud (being diplomatic) Gylfi Sigurdsson
56%
Another player who left the PL under a cloud. This one is on loan at Getafe. Mason Greenwood
56%
Cameroonian left back who played one season at Liverpool and now manages his country Rigobert Song
44%
Former Bournemouth striker who will be playing in the Champions League this year Calum Wilson
33%
Middlesbrough’s flamboyant Brazilian midfielder from ‘98-00 Emerson
33%
A CB who seems to like clubs whose name start with W, having played for WBA, Watford, West Ham and now Wolves. Craig Dawson
22%
Man Utd Champions League winner in ‘99 Ronnie Johnson
22%
One of many Chelsea youth products sold off to balance the books. Currently at Forest Callum Hudson-Odoi
11%
One time journeyman striker who is now a TV and Radio pundit Clinton Morrison
11%
Another Everton stalwart, this one played over 400 games, mainly at CB in the ‘90’s. Dave Watson
11%
Defender who started out at Man Utd and went on to win the PL with Leicester Danny Simpson
0%
Tricky one, a winger who won the PL with Blackburn Jason Wilcox
0%
Ex Man Utd winger who was part of the WBA side that stayed up on the final day Kieran Ricardson
0%
No matching quizzes found
Score Distribution
Percent of People with Each Score
Percentile by Number Answered
Your Score History
You have not taken this quiz